Missing Middles Medley: C Quiz Stats

 Plays Quiz Updated Aug 18, 2014

Support Sporcle.
Go Orange.
Score 0/40 Timer 05:00
2 Plays Today
% Correct
Christ
93.8%
Cold
92.8%
Clockwork
91.8%
Christian
91%
Chí
90.9%
Can
90.3%
Close
89.2%
Clearwater
88.5%
Cross
88.2%
Come
86.5%
Conan
86%
Christmas
86%
Chorus
85.4%
Class
83.3%
Cody
83.2%
Crazy
81.6%
Comic
81.4%
Carter
79.1%
City
78.2%
Cat
78.1%
% Correct
Chemical
76.9%
Can't
75.1%
Cass
74.9%
Charles
74.1%
Cristina
73.1%
Cherie
71.7%
Chatterley's
70.9%
Came
69.8%
County
67.8%
Coated
67.3%
Corelli's
66.5%
Clark
65.9%
Chapin
60.7%
Comedy
59%
Comfort
55.1%
Chandler
51.5%
Chien
51%
Chelle
46.5%
Cars
45.6%
Cullen
37.1%

You're not logged in!

Compare scores with friends on all Sporcle quizzes.
OR
Log In

From the Vault

Longest-Running Broadway Shows by Letter

by prouvaire

You have to think their voices would get tired at some point.
Remove Ads.
Support Sporcle.
Get the best of Sporcle when you Go Orange. This ad-free experience offers more features, more stats, and more fun while also helping to support Sporcle. Thank you for becoming a member.

Show Comments

Extras

Top Quizzes Today


Score Distribution

Your Account Isn't Verified!

In order to create a playlist on Sporcle, you need to verify the email address you used during registration. Go to your Sporcle Settings to finish the process.

Report this User

Report this user for behavior that violates our Community Guidelines.

Details: